Victorien - Paroles Embrasse-moi - Statistiques

Statistiques générales
  • Ce quiz a été pris 52 fois
    49 depuis la dernière actualisation
  • Le résultat moyen est 262 sur 360
Statistiques - réponses
Paroles % Correct
Embrasse
94%
embrasse
94%
moi
94%
à
90%
de
90%
fait
90%
la
90%
me
90%
mieux
90%
fais
87%
le
87%
ma
87%
que
87%
ton
87%
tu
87%
ce
84%
croire
84%
deux
84%
jure
84%
les
84%
nous
84%
aime
81%
arrête
81%
ces
81%
dans
81%
je
81%
s'il te plait
81%
t'as
81%
et
77%
l'amour
77%
yeux
77%
c'est
74%
mentir
74%
mon
74%
quand
74%
vie
74%
dis
71%
gueule
71%
reflet
71%
regarde
71%
simple
71%
pas
68%
seul
68%
te
68%
en
65%
j'imagine
65%
lit
65%
un
65%
miroir
61%
tout
61%
nos
58%
devant
55%
dupe
55%
marqueurs
55%
promis
55%
suis
55%
suite
55%
fois
52%
laisse
52%
peu
52%
qu'on
52%
t'en
52%
vies
52%
vois
52%
espoirs
48%
laisses
48%
mais
48%
plus
48%
rêves
48%
s'est
48%
vain
48%
vieillesse
48%
ensemble
45%
fin
45%
l'aveugle
45%
m'accrocher
45%
mens
45%
ne
45%
tente
45%
adieux
42%
chaque
42%
faire
42%
sens
42%
tard
42%
crois
39%
des
39%
nuit
39%
pars
39%
qui
39%
une
39%
bien
35%
pour
35%
sur
35%
autre
32%
dors
32%
j'te
32%
rentres
32%
réponds
32%
vent
32%
aussi
29%
choses
29%
d'écrire
29%
dire
29%
dix
29%
messages
29%
rêver
29%
tous
29%
alors
26%
avec
26%
courage
26%
décidé
26%
d'un
26%
instants
26%
moments
26%
preuve
26%
temps
26%
pourtant
23%
pris
23%
reviendront
23%
honnête
19%
nôtre
19%
parfois
19%
prendra
19%
sois
19%
ressens
10%
Aucun quiz correspondant
Distribution des résultats
% des personnes avec chaque résultat
Percentile par nombre de réponses
Votre historique - résultats
Vous n’avez pas pris ce quiz depuis la dernière actualisation